000 00648nam a2200181Ia 4500
003 GCL
008 140319s9999 xx 000 0 ara d
040 _aGCL /
_cGCL
082 0 4 _a001.5
_bم م
100 1 _aمحمد عبدالله الخرعان
245 1 0 _aملكية وسائل الاعلام وعلاقتها بالوظائف الاعلامية فى ضوء الاسلام /
_cمحمد عبدالله الخرعان
300 _a496 ص
490 _aالهيئة العامة للاستعلامات
_v0
650 0 4 _aالملكية
650 0 4 _aوسائل الاعلام
650 0 4 _aالاسلام والقانون
942 _2ddc
_cBK
999 _c47992
_d47992